| 000 | 00758nam a2200229Ia 4500 | ||
|---|---|---|---|
| 003 | GCL | ||
| 005 | 20240530105218.0 | ||
| 008 | 140319s9999 xx 000 0 ara d | ||
| 040 |
_aGCL / _cGCL |
||
| 082 | 0 | 4 |
_a155.4 _bم ط |
| 100 | 1 | _aملكة ابيض | |
| 245 | 1 | 0 |
_aالطفولة المبكرة والجديد فى رياض الاطفال / _cملكة ابيض |
| 250 | _aط1 | ||
| 260 |
_aبيروت : _bالمؤسسة الجامعية للدراسات والنشر والتوزيع ، _c1993 |
||
| 300 |
_a255 ص ؛ _c24 سم |
||
| 650 | 0 | 4 | _aالاطفال |
| 650 | 0 | 4 | _aعلم النفس |
| 650 | 0 | 4 | _aتعليم الاطفال |
| 650 | 0 | 4 | _aمدارس الحضانة |
| 650 | 0 | 4 | _aرياض الاطفال - تدريس |
| 942 |
_2ddc _cBK |
||
| 999 |
_c53996 _d53996 |
||